Animal traction in South Africa: (Record no. 13501)

MARC details
000 -LEADER
fixed length control field 01541cam a22003257a 4500
001 - CONTROL NUMBER
control field 13501
005 - DATE AND TIME OF LATEST TRANSACTION
control field 20260316101950.0
008 - FIXED-LENGTH DATA ELEMENTS--GENERAL INFORMATION
fixed length control field 070104s2004 sa a b 100 0 eng d
010 ## - LIBRARY OF CONGRESS CONTROL NUMBER
LC control number 2007332219
020 ## - INTERNATIONAL STANDARD BOOK NUMBER
International Standard Book Number 1874878676
035 ## - SYSTEM CONTROL NUMBER
System control number 14685576
035 ## - SYSTEM CONTROL NUMBER
System control number (CStRLIN)NJPGV4960798-B
040 ## - CATALOGING SOURCE
Original cataloging agency P4A
Transcribing agency P4A
Modifying agency DLC
-- BSULIB
042 ## - AUTHENTICATION CODE
Authentication code lccopycat
043 ## - GEOGRAPHIC AREA CODE
Geographic area code f------
050 00 - LIBRARY OF CONGRESS CALL NUMBER
Classification number SF180
Item number .A565 2004
082 04 - DEWEY DECIMAL CLASSIFICATION NUMBER
Classification number 631.371
Edition number 22
Item number ANI
245 00 - TITLE STATEMENT
Title Animal traction in South Africa:
Remainder of title Empowering rural communities /
Statement of responsibility, etc Compiled and edited by Paul Starkey.
260 ## - PUBLICATION, DISTRIBUTION, ETC. (IMPRINT)
Place of publication, distribution, etc Guateng, South Africa :
Name of publisher, distributor, etc Development Bank of South Africa,
Date of publication, distribution, etc 1995.
300 ## - PHYSICAL DESCRIPTION
Extent 159p. :
Other physical details ill. (some col.) ;
Dimensions 30 cm.
504 ## - BIBLIOGRAPHY, ETC. NOTE
Bibliography, etc Includes bibliographical references.
505 ## - FORMATTED CONTENTS NOTE
Formatted contents note --Animal traction in South Africa: overview of the key issues --Animal traction in South Africa: the way forward --Portraying Animal traction in South Africa <br/>----Animal traction in South Africa: the present situation --Social-economic aspects of Animal traction in South Africa --An historical perspective on animal power use in South Africa --The donkey in South Africa: myth and misconceptions
650 #0 - SUBJECT ADDED ENTRY--TOPICAL TERM
Topical term or geographic name as entry element Animal traction
Geographic subdivision Africa
9 (RLIN) 26344
650 #0 - SUBJECT ADDED ENTRY--TOPICAL TERM
Topical term or geographic name as entry element Draft animals
Geographic subdivision Africa
9 (RLIN) 26345
906 ## - LOCAL DATA ELEMENT F, LDF (RLIN)
a 7
b cbc
c copycat
d 3
e ncip
f 20
g y-gencatlg
942 ## - ADDED ENTRY ELEMENTS (KOHA)
Source of classification or shelving scheme Dewey Decimal Classification
Item type Books
Holdings
Withdrawn status Lost status Source of classification or shelving scheme Damaged status Not for loan Home library Current library Shelving location Date acquired Source of acquisition Inventory number Total Checkouts Full call number Barcode Date last seen Copy number Price effective from Koha item type Public note
    Dewey Decimal Classification     Main Library Main Library Reserve Book Section 01/03/2012 Purchased 26848   631.371 ANI bsu26030205 16/03/2026 001 16/03/2026 Books Material available in hard copy

© 2017 Bishop Stuart University Library. All Rights Reserved.
Kakoba Campus, Plot 150 Buremba Road | P.O. Box 9, Mbarara, UGANDA | Tel: +256-772-463068
Email: library@bsu.ac.ug